[Event "Cordoba Region-ch 74th AAPC"]
[Site "Santa Cruz del Lago"]
[Date "2018.08.04"]
[Round "1.5"]
[White "Diaz, Luis Misael"]
[Black "Gomez, Roberto Alejandro"]
[Result "0-1"]
[WhiteElo "1335"]
[BlackElo "1857"]
[PlyCount "108"]
[EventDate "2018.08.04"]
[EventType "swiss"]
[EventRounds "6"]
[EventCountry "ARG"]
[SourceTitle "EXT 2024"]
[Source "ChessBase"]
[SourceDate "2023.10.10"]
[SourceVersion "1"]
[SourceVersionDate "2023.10.10"]
[SourceQuality "1"]

1. e4 c5 2. Nf3 d6 3. Bb5+ Bd7 4. Bxd7+ Qxd7 5. 0-0 e6 6. c3 Nf6 7. Re1 Be7 8. d4 cxd4 9. cxd4 d5 10. Ne5 Qd8 11. Qa4+ Nbd7 12. Nxd7 Qxd7 13. Qxd7+ Kxd7 14. e5 Ng8 15. Nc3 Bb4 16. Bd2 Bxc3 17. Bxc3 Ne7 18. f4 h5 19. Rac1 Rac8 20. Re2 Rc6 21. Rec2 Rhc8 22. a3 Nf5 23. Rd2 Rc4 24. Re1 a5 25. Kf2 b5 26. Rd3 b4 27. Bd2 Rxd4 28. Rxd4 Nxd4 29. axb4 axb4 30. Ra1 Nc6 31. Ra4 Rb8 32. Ke3 Kc7 33. h3 Kb6 34. g4 hxg4 35. hxg4 Rh8 36. Kf3 Kb5 37. Ra1 Rh2 38. Ke3 Na5 39. Bc1 Rh1 40. f5 Rf1 41. Ke2 Rg1 42. Kf3 d4 43. fxe6 fxe6 44. Kf2 Rxg4 45. Bd2 Nb3 46. Rd1 Nxd2 47. Rxd2 Re4 48. Kf3 Rxe5 49. Rxd4 g5 50. b3 Rc5 51. Kg4 Rc3 52. Kxg5 Rxb3 53. Re4 Rf3 54. Rxe6 b3 0-1